[Event "EYCC 2024 - O14"]
[Site "?"]
[Date "2024.08.29"]
[Round "7.1"]
[White "Haug, Havard"]
[Black "Finek, Vaclav"]
[Result "0-1"]
[BlackElo "2467"]
[WhiteElo "2315"]
[LiveChessVersion "1.4.8"]

1. e4 {[%clk 1:30:50]} c5 {[%clk 1:30:55]} 2. c3 {[%clk 1:31:16]} Nf6
{[%clk 1:31:21]} 3. e5 {[%clk 1:31:40]} Nd5 {[%clk 1:31:46]} 4. Nf3
{[%clk 1:32:04]} Nc6 {[%clk 1:32:09]} 5. d4 {[%clk 1:30:59]} cxd4
{[%clk 1:32:16]} 6. cxd4 {[%clk 1:31:23]} d6 {[%clk 1:32:02]} 7. Bc4
{[%clk 1:31:27]} Nb6 {[%clk 1:31:04]} 8. Bb5 {[%clk 1:28:03]} dxe5
{[%clk 1:29:21]} 9. Nxe5 {[%clk 1:27:53]} Bd7 {[%clk 1:29:36]} 10. Nxd7
{[%clk 1:25:52]} Qxd7 {[%clk 1:29:52]} 11. O-O {[%clk 1:25:32]} e6
{[%clk 1:30:03]} 12. Be3 {[%clk 1:24:40]} Be7 {[%clk 1:28:10]} 13. Nc3
{[%clk 1:19:47]} O-O {[%clk 1:27:08]} 14. Qd2 {[%clk 1:05:03]} Rfd8
{[%clk 1:24:28]} 15. Rac1 {[%clk 1:01:46]} a6 {[%clk 1:19:22]} 16. Bxc6
{[%clk 0:57:31]} Qxc6 {[%clk 1:15:13]} 17. Rfd1 {[%clk 0:50:03]} Nd5
{[%clk 1:08:22]} 18. Ne4 {[%clk 0:46:58]} Qa4 {[%clk 1:05:19]} 19. b3
{[%clk 0:46:28]} Qb4 {[%clk 1:02:41]} 20. Nc3 {[%clk 0:38:00]} Nxc3
{[%clk 0:54:40]} 21. Qxc3 {[%clk 0:37:55]} Qxc3 {[%clk 0:50:56]} 22. Rxc3
{[%clk 0:38:24]} Rac8 {[%clk 0:50:25]} 23. Rdc1 {[%clk 0:35:57]} Rxc3
{[%clk 0:50:47]} 24. Rxc3 {[%clk 0:36:24]} Bd6 {[%clk 0:48:53]} 25. Kf1
{[%clk 0:34:05]} f6 {[%clk 0:46:58]} 26. h3 {[%clk 0:32:52]} Kf7 {[%clk 0:46:31]}
27. Ke2 {[%clk 0:32:29]} g5 {[%clk 0:44:42]} 28. g4 {[%clk 0:32:04]} Kg6
{[%clk 0:42:21]} 29. Rc1 {[%clk 0:31:07]} h5 {[%clk 0:38:48]} 30. Kf3
{[%clk 0:29:34]} f5 {[%clk 0:33:34]} 31. Rg1 {[%clk 0:23:53]} Be7
{[%clk 0:25:01]} 32. Re1 {[%clk 0:17:11]} hxg4+ {[%clk 0:21:12]} 33. hxg4
{[%clk 0:17:39]} Bf6 {[%clk 0:20:49]} 34. Rd1 {[%clk 0:13:36]} Rd5
{[%clk 0:17:21]} 35. Rd3 {[%clk 0:09:20]} e5 {[%clk 0:14:09]} 36. gxf5+
{[%clk 0:09:32]} Kxf5 {[%clk 0:14:32]} 37. Ke2 {[%clk 0:09:40]} exd4
{[%clk 0:14:56]} 38. Bd2 {[%clk 0:09:37]} g4 {[%clk 0:11:48]} 39. Be1
{[%clk 0:09:00]} Rc5 {[%clk 0:10:06]} 40. f3 {[%clk 0:04:52]} Rc2+
{[%clk 0:09:33]} 41. Bd2 {[%clk 0:03:51]} Bg5 {[%clk 0:01:59]} 42. Kd1
{[%clk 0:00:35]} Rxd2+ {[%clk 0:02:10]} 43. Rxd2 {[%clk 0:01:04]} Bxd2
{[%clk 0:02:32]} 44. fxg4+ {[%clk 0:01:23]} Kxg4 {[%clk 0:02:56]} 45. Kxd2
{[%clk 0:01:49]} Kf4 {[%clk 0:03:20]} 46. Kd3 {[%clk 0:01:57]} Ke5
{[%clk 0:03:46]} 47. a3 {[%clk 0:02:01]} Kd5 {[%clk 0:03:49]} 48. Kd2
{[%clk 0:01:42]} Ke4 {[%clk 0:04:04]} 49. Ke2 {[%clk 0:02:11]} d3+
{[%clk 0:04:26]} 50. Kd1 {[%clk 0:02:34]} Kd4 {[%clk 0:04:06]} 51. Kd2
{[%clk 0:02:57]} b6 {[%clk 0:04:09]} 52. b4 {[%clk 0:02:24]} b5 {[%clk 0:04:22]}
0-1

[Event "EYCC 2024 - O14"]
[Site "?"]
[Date "2024.08.29"]
[Round "7.2"]
[White "Delgerdalai, Bayarjavkhlan"]
[Black "Sowinski, Pawel"]
[Result "1-0"]
[BlackElo "2463"]
[WhiteElo "2278"]
[LiveChessVersion "1.4.8"]

1. d4 {[%clk 1:30:55]} Nf6 {[%clk 1:30:56]} 2. c4 {[%clk 1:31:19]} e6
{[%clk 1:31:17]} 3. Nc3 {[%clk 1:31:43]} Bb4 {[%clk 1:30:52]} 4. Qc2
{[%clk 1:32:01]} d5 {[%clk 1:26:13]} 5. Bg5 {[%clk 1:19:52]} h6 {[%clk 1:20:40]}
6. Bxf6 {[%clk 1:20:12]} Qxf6 {[%clk 1:21:08]} 7. a3 {[%clk 1:19:04]} Bxc3+
{[%clk 1:14:08]} 8. Qxc3 {[%clk 1:19:05]} O-O {[%clk 1:09:41]} 9. Nf3
{[%clk 1:18:56]} dxc4 {[%clk 1:09:13]} 10. Qxc4 {[%clk 1:17:46]} Nc6
{[%clk 1:06:35]} 11. Rd1 {[%clk 1:16:23]} Re8 {[%clk 0:56:10]} 12. Qc3
{[%clk 1:10:58]} Bd7 {[%clk 0:33:59]} 13. e3 {[%clk 1:10:20]} Rad8
{[%clk 0:33:09]} 14. Be2 {[%clk 1:06:02]} e5 {[%clk 0:32:20]} 15. d5
{[%clk 1:02:26]} Ne7 {[%clk 0:31:40]} 16. Qxe5 {[%clk 0:55:26]} Qxe5
{[%clk 0:24:23]} 17. Nxe5 {[%clk 0:55:51]} Ba4 {[%clk 0:24:52]} 18. Rd4
{[%clk 0:54:57]} Bb3 {[%clk 0:25:21]} 19. Bb5 {[%clk 0:28:06]} c6
{[%clk 0:25:38]} 20. dxc6 {[%clk 0:27:49]} Rxd4 {[%clk 0:26:07]} 21. exd4
{[%clk 0:27:38]} bxc6 {[%clk 0:25:47]} 22. Bd3 {[%clk 0:25:31]} c5
{[%clk 0:21:49]} 23. Kd2 {[%clk 0:24:58]} cxd4 {[%clk 0:21:35]} 24. Rc1
{[%clk 0:20:14]} a5 {[%clk 0:14:26]} 25. Nc6 {[%clk 0:13:07]} Nxc6
{[%clk 0:13:30]} 26. Rxc6 {[%clk 0:13:32]} Rb8 {[%clk 0:13:22]} 27. Rc5
{[%clk 0:09:59]} a4 {[%clk 0:13:09]} 28. Rb5 {[%clk 0:08:03]} Rd8
{[%clk 0:13:38]} 29. Rb4 {[%clk 0:06:55]} Kf8 {[%clk 0:12:38]} 30. Bc4
{[%clk 0:04:59]} Bxc4 {[%clk 0:12:42]} 31. Rxc4 {[%clk 0:05:28]} Ra8
{[%clk 0:13:11]} 32. Rxd4 {[%clk 0:05:03]} Ke7 {[%clk 0:11:50]} 33. Kc3
{[%clk 0:04:50]} g5 {[%clk 0:10:46]} 34. b3 {[%clk 0:03:17]} axb3
{[%clk 0:10:51]} 35. Kxb3 {[%clk 0:03:37]} Rb8+ {[%clk 0:11:18]} 36. Ka2
{[%clk 0:02:58]} Rc8 {[%clk 0:11:38]} 37. Rd2 {[%clk 0:02:39]} Ra8
{[%clk 0:11:56]} 38. Kb3 {[%clk 0:02:42]} Rb8+ {[%clk 0:12:21]} 39. Kc4
{[%clk 0:02:25]} Rc8+ {[%clk 0:12:44]} 40. Kb5 {[%clk 0:02:16]} Rb8+
{[%clk 0:13:09]} 41. Kc6 {[%clk 0:02:10]} Rc8+ {[%clk 0:12:18]} 42. Kb6
{[%clk 0:01:49]} Rb8+ {[%clk 0:10:30]} 43. Kc7 {[%clk 0:02:10]} Ra8
{[%clk 0:10:43]} 44. Re2+ {[%clk 0:02:26]} Kf6 {[%clk 0:11:10]} 45. Ra2
{[%clk 0:02:43]} Ra4 {[%clk 0:10:20]} 46. Kc6 {[%clk 0:02:57]} h5
{[%clk 0:10:36]} 47. Kb5 {[%clk 0:03:11]} Ra8 {[%clk 0:11:05]} 48. a4
{[%clk 0:03:27]} g4 {[%clk 0:11:30]} 49. a5 {[%clk 0:03:27]} h4 {[%clk 0:11:53]}
50. a6 {[%clk 0:03:23]} Kg5 {[%clk 0:12:13]} 51. a7 {[%clk 0:03:34]} h3
{[%clk 0:11:37]} 52. gxh3 {[%clk 0:03:44]} gxh3 {[%clk 0:12:05]} 53. Kb6
{[%clk 0:03:35]} Kg4 {[%clk 0:12:33]} 54. Ra3 {[%clk 0:04:03]} Re8
{[%clk 0:13:00]} 55. Re3 {[%clk 0:03:16]} Rd8 {[%clk 0:13:20]} 56. Kc7
{[%clk 0:03:44]} 1-0

[Event "EYCC 2024 - O14"]
[Site "?"]
[Date "2024.08.29"]
[Round "7.3"]
[White "Dotzer, Lukas"]
[Black "Balint, Peter"]
[Result "1-0"]
[BlackElo "2336"]
[WhiteElo "2391"]
[LiveChessVersion "1.4.8"]

1. e4 {[%clk 1:30:57]} e5 {[%clk 1:30:55]} 2. Nf3 {[%clk 1:31:22]} Nc6
{[%clk 1:31:21]} 3. Bb5 {[%clk 1:31:45]} Nf6 {[%clk 1:30:54]} 4. O-O
{[%clk 1:31:58]} Nxe4 {[%clk 1:30:55]} 5. Re1 {[%clk 1:32:10]} Nd6
{[%clk 1:31:21]} 6. a4 {[%clk 1:32:29]} Be7 {[%clk 1:31:45]} 7. Nc3
{[%clk 1:32:39]} a6 8. Bf1 {[%clk 1:32:45]} e4 {[%clk 1:32:32]} 9. Nxe4
{[%clk 1:33:07]} Nxe4 {[%clk 1:32:58]} 10. Rxe4 {[%clk 1:33:29]} d5
{[%clk 1:32:48]} 11. Re1 {[%clk 1:33:52]} O-O {[%clk 1:33:01]} 12. d4
{[%clk 1:32:14]} Bg4 {[%clk 1:30:58]} 13. c3 {[%clk 1:31:13]} Re8
{[%clk 1:15:36]} 14. h3 {[%clk 1:15:43]} Bf5 {[%clk 1:11:20]} 15. a5
{[%clk 1:11:17]} Qd6 {[%clk 0:58:42]} 16. Qb3 {[%clk 1:05:19]} Nd8
{[%clk 0:56:28]} 17. Bg5 {[%clk 0:45:04]} f6 {[%clk 0:48:55]} 18. Bh4
{[%clk 0:42:41]} c6 {[%clk 0:46:59]} 19. Bg3 {[%clk 0:34:09]} Qd7
{[%clk 0:45:05]} 20. Re3 {[%clk 0:28:17]} Be6 {[%clk 0:41:48]} 21. Rae1
{[%clk 0:24:25]} Bf7 {[%clk 0:38:31]} 22. Bd3 {[%clk 0:20:54]} g6
{[%clk 0:31:32]} 23. Qc2 {[%clk 0:16:08]} Bf8 {[%clk 0:28:44]} 24. h4
{[%clk 0:13:57]} Rxe3 {[%clk 0:27:43]} 25. Rxe3 {[%clk 0:14:17]} Bh6
{[%clk 0:27:28]} 26. Re2 {[%clk 0:10:55]} Ne6 {[%clk 0:24:57]} 27. h5
{[%clk 0:10:58]} Kg7 {[%clk 0:23:45]} 28. Nh4 {[%clk 0:10:09]} Nf8
{[%clk 0:20:53]} 29. Bf5 {[%clk 0:10:14]} Qd8 {[%clk 0:19:43]} 30. Qb3
{[%clk 0:08:58]} Bg5 {[%clk 0:16:10]} 31. Qxb7 {[%clk 0:06:28]} Bxh4
{[%clk 0:13:12]} 32. Bc7 {[%clk 0:06:09]} Qe8 {[%clk 0:12:23]} 33. Rxe8
{[%clk 0:06:28]} Rxe8 {[%clk 0:12:49]} 34. hxg6 {[%clk 0:04:21]} hxg6
{[%clk 0:13:11]} 35. Bd3 {[%clk 0:03:54]} Re7 {[%clk 0:13:35]} 36. Qxc6
{[%clk 0:03:31]} Re1+ {[%clk 0:13:59]} 37. Bf1 {[%clk 0:02:56]} Ne6
{[%clk 0:14:04]} 38. Bg3 {[%clk 0:02:47]} Bxg3 {[%clk 0:14:31]} 39. fxg3
{[%clk 0:03:12]} Ng5 {[%clk 0:14:51]} 40. Kf2 {[%clk 0:01:28]} Ra1
{[%clk 0:14:40]} 41. Bxa6 {[%clk 0:00:46]} Ne4+ {[%clk 0:15:05]} 42. Ke2
{[%clk 0:00:48]} g5 {[%clk 0:15:25]} 43. g4 {[%clk 0:01:05]} Rxa5 44. Bd3
{[%clk 0:01:03]} Ra2 {[%clk 0:16:11]} 45. Bxe4 {[%clk 0:00:52]} Rxb2+
{[%clk 0:16:37]} 46. Ke3 {[%clk 0:01:06]} dxe4 {[%clk 0:17:03]} 47. d5
{[%clk 0:00:55]} Rxg2 {[%clk 0:17:15]} 48. d6 {[%clk 0:00:52]} Rg3+
{[%clk 0:17:41]} 49. Kf2 {[%clk 0:00:39]} Rf3+ {[%clk 0:15:52]} 50. Ke2
{[%clk 0:00:56]} 1-0

[Event "EYCC 2024 - O14"]
[Site "?"]
[Date "2024.08.29"]
[Round "7.4"]
[White "Cieslak, Patryk"]
[Black "Ilinca, Felix-Antonio"]
[Result "1/2-1/2"]
[BlackElo "2386"]
[WhiteElo "2374"]
[LiveChessVersion "1.4.8"]

1. e4 {[%clk 1:30:57]} c6 {[%clk 1:29:53]} 2. Nf3 {[%clk 1:29:16]} d5
{[%clk 1:30:05]} 3. Nc3 {[%clk 1:29:43]} dxe4 {[%clk 1:29:46]} 4. Nxe4
{[%clk 1:29:57]} Nf6 {[%clk 1:30:03]} 5. Qe2 {[%clk 1:30:12]} Nxe4
{[%clk 1:30:12]} 6. Qxe4 {[%clk 1:30:38]} Qa5 {[%clk 1:30:08]} 7. Qf4
{[%clk 1:24:18]} Bf5 {[%clk 1:21:02]} 8. b4 {[%clk 1:19:04]} Qd5 {[%clk 1:18:39]}
9. Bc4 {[%clk 1:15:24]} Qe4+ {[%clk 1:17:48]} 10. Qxe4 {[%clk 1:15:46]} Bxe4
{[%clk 1:18:13]} 11. Bxf7+ {[%clk 1:15:52]} Kxf7 {[%clk 1:15:14]} 12. Ng5+
{[%clk 1:15:31]} Kg6 {[%clk 1:13:00]} 13. Nxe4 {[%clk 1:15:56]} e5
{[%clk 1:13:21]} 14. Ke2 {[%clk 1:08:05]} a5 {[%clk 1:10:46]} 15. bxa5
{[%clk 1:05:21]} Rxa5 {[%clk 1:11:09]} 16. d3 {[%clk 1:01:30]} b5
{[%clk 1:08:43]} 17. Bd2 {[%clk 0:58:55]} Ra4 {[%clk 1:06:50]} 18. h4
{[%clk 0:49:31]} h6 {[%clk 1:03:43]} 19. h5+ {[%clk 0:47:21]} Kf7
{[%clk 1:00:47]} 20. f4 {[%clk 0:42:18]} Nd7 {[%clk 0:56:45]} 21. fxe5
{[%clk 0:41:11]} Nxe5 {[%clk 0:53:52]} 22. Bc3 {[%clk 0:40:02]} Ke6
{[%clk 0:52:49]} 23. Rh3 {[%clk 0:38:21]} Bb4 {[%clk 0:49:14]} 24. Bxe5
{[%clk 0:29:38]} Kxe5 {[%clk 0:49:37]} 25. Rg3 {[%clk 0:27:07]} Rha8
{[%clk 0:37:29]} 26. Rg6 {[%clk 0:25:07]} Kd5 {[%clk 0:30:35]} 27. Rf1
{[%clk 0:23:29]} Re8 {[%clk 0:27:11]} 28. Rf5+ {[%clk 0:21:31]} Re5
{[%clk 0:27:17]} 29. Rxe5+ {[%clk 0:20:03]} Kxe5 {[%clk 0:27:41]} 30. Rxc6
{[%clk 0:19:44]} Rxa2 {[%clk 0:27:53]} 31. Kf3 {[%clk 0:19:59]} Be7
{[%clk 0:26:20]} 32. Rc7 {[%clk 0:19:58]} Ke6 {[%clk 0:26:19]} 33. c3
{[%clk 0:18:29]} Ra8 {[%clk 0:20:17]} 34. Rc6+ {[%clk 0:17:16]} Kf7
{[%clk 0:19:30]} 35. Rb6 {[%clk 0:16:04]} Rd8 {[%clk 0:19:42]} 36. Ke2
{[%clk 0:14:59]} Rd5 {[%clk 0:19:43]} 37. g4 {[%clk 0:15:22]} Re5
{[%clk 0:18:45]} 38. Kf3 {[%clk 0:15:46]} Rd5 {[%clk 0:18:31]} 39. Ke2
{[%clk 0:16:14]} Re5 {[%clk 0:18:55]} 40. Kd2 {[%clk 0:15:01]} Rd5
{[%clk 0:17:59]} 41. Kc2 {[%clk 0:15:14]} Kf8 {[%clk 0:15:23]} 42. Rb8+
{[%clk 0:15:38]} Kf7 {[%clk 0:15:38]} 43. Rb7 {[%clk 0:15:39]} Kf8
{[%clk 0:14:58]} 44. Ng3 {[%clk 0:15:06]} Rg5 {[%clk 0:12:24]} 45. Nf5
{[%clk 0:15:20]} Bf6 {[%clk 0:12:45]} 46. Rb8+ {[%clk 0:13:17]} Kf7
{[%clk 0:13:09]} 47. Rxb5 {[%clk 0:12:52]} Rxg4 {[%clk 0:13:32]} 48. Nd6+
{[%clk 0:13:14]} Ke6 {[%clk 0:12:48]} 49. Ne4 {[%clk 0:13:21]} Be5
{[%clk 0:12:05]} 50. d4 {[%clk 0:13:17]} Bxd4 {[%clk 0:11:46]} 51. cxd4
{[%clk 0:07:52]} Rxe4 {[%clk 0:12:09]} 52. Kd3 {[%clk 0:08:13]} Re1
{[%clk 0:11:02]} 53. Rb7 {[%clk 0:08:00]} Rh1 {[%clk 0:10:59]} 54. Rb6+
{[%clk 0:08:12]} Kd5 {[%clk 0:10:41]} 55. Rb5+ {[%clk 0:08:32]} Kd6
{[%clk 0:10:22]} 56. Ra5 {[%clk 0:08:40]} Rg1 {[%clk 0:09:41]} 57. Kc4
{[%clk 0:08:34]} Rc1+ {[%clk 0:10:01]} 58. Kd3 {[%clk 0:08:57]} Rg1
{[%clk 0:10:18]} 59. Ke3 {[%clk 0:08:50]} Ke6 {[%clk 0:09:27]} 60. Re5+
{[%clk 0:09:11]} Kd6 {[%clk 0:08:42]} 61. Rb5 {[%clk 0:09:24]} Ke6
{[%clk 0:08:51]} 62. Re5+ {[%clk 0:08:20]} Kd6 {[%clk 0:08:49]} 63. Kf4
{[%clk 0:08:03]} Rd1 {[%clk 0:08:11]} 64. Ke4 {[%clk 0:06:54]} Rg1
{[%clk 0:08:06]} 65. Kf5 {[%clk 0:06:19]} Rg5+ {[%clk 0:06:45]} 66. Kf4
{[%clk 0:06:47]} Rg1 {[%clk 0:07:06]} 67. Ra5 {[%clk 0:06:57]} Ke6
{[%clk 0:07:09]} 68. Re5+ {[%clk 0:06:20]} 1/2-1/2

[Event "EYCC 2024 - O14"]
[Site "?"]
[Date "2024.08.29"]
[Round "7.5"]
[White "Brzezina, Piotr"]
[Black "Nemitz, Alfred"]
[Result "1/2-1/2"]
[BlackElo "2201"]
[WhiteElo "2341"]
[LiveChessVersion "1.4.8"]

1. e4 {[%clk 1:29:36]} e5 {[%clk 1:30:53]} 2. Nf3 {[%clk 1:30:02]} Nc6
{[%clk 1:31:18]} 3. Bb5 {[%clk 1:30:29]} a6 {[%clk 1:31:44]} 4. Ba4
{[%clk 1:30:55]} Nf6 {[%clk 1:32:10]} 5. O-O {[%clk 1:31:21]} Be7
{[%clk 1:32:36]} 6. Re1 {[%clk 1:31:46]} b5 {[%clk 1:33:03]} 7. Bb3
{[%clk 1:32:13]} O-O {[%clk 1:33:28]} 8. a4 {[%clk 1:32:38]} Bb7 {[%clk 1:33:55]}
9. d3 {[%clk 1:25:47]} d6 {[%clk 1:33:55]} 10. Nbd2 {[%clk 1:01:46]} Nd7
{[%clk 1:34:16]} 11. c3 {[%clk 1:00:02]} Nc5 {[%clk 1:34:25]} 12. axb5
{[%clk 0:53:27]} axb5 {[%clk 1:34:51]} 13. Rxa8 {[%clk 0:53:53]} Qxa8
{[%clk 1:35:12]} 14. Bc2 {[%clk 0:54:18]} b4 {[%clk 1:35:40]} 15. d4
{[%clk 0:53:10]} bxc3 {[%clk 1:36:07]} 16. bxc3 {[%clk 0:53:22]} Nd7
{[%clk 1:36:27]} 17. Nc4 {[%clk 0:49:49]} Qa1 {[%clk 1:34:59]} 18. Bd2
{[%clk 0:42:32]} Qxd1 {[%clk 1:30:52]} 19. Rxd1 {[%clk 0:34:14]} Ba6
{[%clk 1:26:24]} 20. Bd3 {[%clk 0:34:12]} exd4 {[%clk 1:03:50]} 21. cxd4
{[%clk 0:32:54]} Nf6 {[%clk 1:02:20]} 22. e5 {[%clk 0:24:12]} dxe5
{[%clk 1:00:13]} 23. dxe5 {[%clk 0:20:50]} Ng4 {[%clk 0:57:39]} 24. Be4
{[%clk 0:08:15]} Bxc4 {[%clk 0:50:08]} 25. Bxc6 {[%clk 0:08:41]} Bc5
{[%clk 0:50:23]} 26. Be1 {[%clk 0:08:56]} Be2 {[%clk 0:49:01]} 27. Rd5
{[%clk 0:08:59]} Bb6 {[%clk 0:47:57]} 28. h3 {[%clk 0:09:11]} Nh6
{[%clk 0:45:52]} 29. Rd7 {[%clk 0:07:09]} Bc4 {[%clk 0:42:24]} 30. Bc3
{[%clk 0:02:50]} Nf5 {[%clk 0:41:02]} 31. g4 {[%clk 0:01:53]} Ng3
{[%clk 0:40:46]} 32. Kg2 {[%clk 0:01:41]} Ne2 {[%clk 0:41:03]} 33. Bd2
{[%clk 0:00:37]} h6 {[%clk 0:36:49]} 34. Be3 {[%clk 0:00:46]} Be6
{[%clk 0:33:52]} 35. Rd2 {[%clk 0:00:45]} Bxe3 {[%clk 0:33:29]} 36. fxe3
{[%clk 0:00:58]} Nc1 {[%clk 0:31:34]} 37. Nd4 {[%clk 0:00:34]} Nb3
{[%clk 0:29:39]} 38. Nxb3 {[%clk 0:00:33]} Bxb3 {[%clk 0:30:04]} 39. Rd7
{[%clk 0:00:56]} Rc8 {[%clk 0:30:09]} 40. Bb7 {[%clk 0:00:31]} Rb8
{[%clk 0:30:33]} 41. Bc6 {[%clk 0:00:35]} Rc8 {[%clk 0:27:50]} 42. Bb7
{[%clk 0:00:59]} Re8 {[%clk 0:27:32]} 43. Rxc7 {[%clk 0:01:21]} Rxe5
{[%clk 0:27:45]} 44. Rc3 {[%clk 0:00:53]} Be6 {[%clk 0:26:42]} 45. Bf3
{[%clk 0:01:07]} g6 {[%clk 0:27:07]} 46. Kg3 {[%clk 0:01:22]} Kg7
{[%clk 0:27:34]} 47. Kf4 {[%clk 0:01:21]} Ra5 {[%clk 0:27:51]} 48. Rd3
{[%clk 0:00:55]} Kf6 {[%clk 0:28:11]} 49. h4 {[%clk 0:00:50]} Ra4+
{[%clk 0:27:56]} 50. Rd4 {[%clk 0:00:50]} g5+ {[%clk 0:28:09]} 51. hxg5+
{[%clk 0:01:14]} hxg5+ {[%clk 0:28:38]} 52. Kg3 {[%clk 0:01:18]} Ra3
{[%clk 0:29:02]} 53. Kf2 {[%clk 0:01:27]} Ra2+ {[%clk 0:29:29]} 1/2-1/2

[Event "EYCC 2024 - O14"]
[Site "?"]
[Date "2024.08.29"]
[Round "7.6"]
[White "Oktem, Ege Tuna"]
[Black "Korchynskyi, Mykola"]
[Result "0-1"]
[BlackElo "2312"]
[WhiteElo "2144"]
[LiveChessVersion "1.4.8"]

1. e4 {[%clk 1:30:57]} c5 {[%clk 1:30:56]} 2. c3 {[%clk 1:31:21]} Nf6
{[%clk 1:31:19]} 3. e5 {[%clk 1:31:49]} Nd5 {[%clk 1:31:45]} 4. Nf3
{[%clk 1:32:15]} e6 {[%clk 1:32:07]} 5. d4 {[%clk 1:32:42]} cxd4 {[%clk 1:32:26]}
6. cxd4 {[%clk 1:33:07]} b6 {[%clk 1:32:48]} 7. Bc4 {[%clk 1:29:54]} Ba6
{[%clk 1:33:12]} 8. Bxd5 {[%clk 1:25:13]} exd5 {[%clk 1:33:34]} 9. Nc3
{[%clk 1:25:42]} Bb4 {[%clk 1:33:51]} 10. Bd2 {[%clk 1:24:32]} Bxc3
{[%clk 1:34:10]} 11. Bxc3 {[%clk 1:24:58]} O-O {[%clk 1:33:58]} 12. Qd2
{[%clk 1:06:36]} Nc6 {[%clk 1:28:38]} 13. O-O-O {[%clk 1:05:33]} b5
{[%clk 1:27:07]} 14. b3 {[%clk 0:54:32]} Qb6 {[%clk 1:12:12]} 15. Nh4
{[%clk 0:38:33]} b4 {[%clk 1:06:33]} 16. Bb2 {[%clk 0:39:02]} Bb5
{[%clk 1:03:34]} 17. Nf5 {[%clk 0:36:12]} h6 {[%clk 0:59:23]} 18. h4
{[%clk 0:25:49]} Nd8 {[%clk 0:47:53]} 19. Ne7+ {[%clk 0:18:41]} Kh8
{[%clk 0:46:44]} 20. Qxb4 {[%clk 0:19:09]} Ne6 {[%clk 0:46:18]} 21. Qd2
{[%clk 0:10:07]} a5 {[%clk 0:25:22]} 22. Nxd5 {[%clk 0:08:44]} Qb7
{[%clk 0:25:13]} 23. Nc3 {[%clk 0:09:13]} a4 {[%clk 0:25:09]} 24. f4
{[%clk 0:06:34]} axb3 {[%clk 0:24:47]} 25. a3 {[%clk 0:07:03]} Rfc8
{[%clk 0:20:55]} 26. f5 {[%clk 0:06:17]} Nc7 {[%clk 0:21:17]} 27. d5
{[%clk 0:05:44]} Bc4 {[%clk 0:20:05]} 28. Kb1 {[%clk 0:05:23]} Nb5
{[%clk 0:16:15]} 29. Nxb5 {[%clk 0:05:40]} Bxb5 {[%clk 0:14:04]} 30. e6
{[%clk 0:04:32]} f6 {[%clk 0:13:50]} 31. Rh3 {[%clk 0:05:01]} Rc2
{[%clk 0:13:28]} 32. Qb4 {[%clk 0:03:52]} Qc7 {[%clk 0:09:55]} 33. Rxb3
{[%clk 0:04:19]} Ba4 {[%clk 0:10:04]} 34. Rdd3 {[%clk 0:01:06]} Bxb3
{[%clk 0:10:04]} 35. Rxb3 {[%clk 0:01:35]} Re2 {[%clk 0:06:46]} 36. d6 Qc2+ 37.
Ka2 Qxf5 {[%clk 0:06:20]} 38. Qb7 {[%clk 0:01:27]} Re8 {[%clk 0:05:32]} 39. e7
{[%clk 0:01:35]} Qe6 {[%clk 0:05:23]} 40. Qb6 {[%clk 0:01:36]} Rd2
{[%clk 0:05:33]} 41. Qd8 {[%clk 0:01:33]} Qg8 {[%clk 0:04:32]} 42. Qxd7
{[%clk 0:01:59]} Rb8 {[%clk 0:04:28]} 43. Qh3 {[%clk 0:00:34]} Rxd6
{[%clk 0:04:43]} 44. Kb1 {[%clk 0:00:54]} Re8 {[%clk 0:03:42]} 45. Re3
{[%clk 0:01:08]} Qc4 {[%clk 0:03:49]} 46. Qf3 {[%clk 0:01:06]} Re6
{[%clk 0:03:43]} 47. Rc3 {[%clk 0:00:55]} Re1+ {[%clk 0:04:05]} 48. Kc2
{[%clk 0:01:07]} Qa4+ {[%clk 0:04:20]} 49. Kd2 {[%clk 0:01:30]} R1xe7
{[%clk 0:04:37]} 50. Rd3 {[%clk 0:01:17]} Qxh4 {[%clk 0:04:29]} 51. Bd4
{[%clk 0:01:30]} Qe1+ {[%clk 0:04:52]} 52. Kc2 {[%clk 0:01:59]} Re2+
{[%clk 0:05:15]} 53. Kb3 {[%clk 0:02:25]} Qb1+ {[%clk 0:05:32]} 54. Ka4
{[%clk 0:02:54]} R2e4 {[%clk 0:05:47]} 55. Rb3 {[%clk 0:02:50]} Rxd4+
{[%clk 0:06:13]} 56. Ka5 {[%clk 0:03:13]} Qe1+ {[%clk 0:06:38]} 0-1

[Event "EYCC 2024 - O14"]
[Site "?"]
[Date "2024.08.29"]
[Round "7.7"]
[White "Torosyan, Volodya"]
[Black "Pycinski, Wladyslaw"]
[Result "1/2-1/2"]
[BlackElo "2237"]
[WhiteElo "2148"]
[LiveChessVersion "1.4.8"]

1. e4 {[%clk 1:30:57]} e6 {[%clk 1:30:48]} 2. d4 {[%clk 1:31:19]} d5
{[%clk 1:31:10]} 3. Nc3 {[%clk 1:31:30]} Nf6 {[%clk 1:30:54]} 4. Bg5
{[%clk 1:31:50]} dxe4 {[%clk 1:31:08]} 5. Nxe4 {[%clk 1:32:11]} Nbd7
{[%clk 1:31:23]} 6. Nf3 {[%clk 1:32:16]} h6 {[%clk 1:31:38]} 7. Nxf6+
{[%clk 1:32:34]} Nxf6 {[%clk 1:31:44]} 8. Be3 {[%clk 1:32:54]} Bd6
{[%clk 1:32:03]} 9. Bd3 {[%clk 1:32:08]} O-O {[%clk 1:27:55]} 10. Qe2
{[%clk 1:31:44]} b6 {[%clk 1:10:36]} 11. g4 {[%clk 1:23:14]} Nd5 {[%clk 0:51:13]}
12. Rg1 {[%clk 1:09:40]} Nxe3 {[%clk 0:41:45]} 13. Qxe3 {[%clk 1:06:17]} Bb7
{[%clk 0:33:34]} 14. g5 {[%clk 0:52:44]} h5 {[%clk 0:28:59]} 15. g6
{[%clk 0:51:14]} Bxf3 {[%clk 0:19:32]} 16. Qxf3 {[%clk 0:50:45]} fxg6
{[%clk 0:19:50]} 17. Qe2 {[%clk 0:49:11]} Bf4 {[%clk 0:15:46]} 18. Rxg6
{[%clk 0:42:58]} Qxd4 {[%clk 0:13:30]} 19. Rxe6 {[%clk 0:41:52]} Qd5
{[%clk 0:11:03]} 20. Bc4 {[%clk 0:23:47]} Qh1+ {[%clk 0:11:20]} 21. Qf1
{[%clk 0:24:08]} Qxf1+ {[%clk 0:11:43]} 22. Kxf1 {[%clk 0:24:33]} Kh8
{[%clk 0:11:45]} 23. Rd1 {[%clk 0:23:20]} Rad8 {[%clk 0:11:45]} 24. Rxd8
{[%clk 0:23:23]} Rxd8 {[%clk 0:12:10]} 25. Re4 {[%clk 0:23:46]} Rf8
{[%clk 0:10:46]} 26. Kg2 {[%clk 0:23:35]} Bd6 {[%clk 0:10:05]} 27. Be2
{[%clk 0:23:58]} g6 {[%clk 0:09:58]} 28. b4 {[%clk 0:23:20]} Kg7 {[%clk 0:09:25]}
29. h3 {[%clk 0:22:42]} Rf4 {[%clk 0:08:26]} 30. Rxf4 {[%clk 0:23:06]} Bxf4
{[%clk 0:08:52]} 31. Kf3 {[%clk 0:23:34]} Bd6 {[%clk 0:09:16]} 32. b5
{[%clk 0:24:00]} Bc5 {[%clk 0:09:39]} 33. Bd3 {[%clk 0:23:50]} Kf6
{[%clk 0:09:56]} 34. Ke2 {[%clk 0:23:27]} g5 {[%clk 0:10:15]} 35. f3
{[%clk 0:23:56]} Ke5 {[%clk 0:10:29]} 36. Bg6 {[%clk 0:24:20]} h4
{[%clk 0:10:52]} 37. Kd3 {[%clk 0:24:46]} Bg1 {[%clk 0:11:10]} 38. Kc4
{[%clk 0:24:31]} Bf2 {[%clk 0:11:30]} 39. a4 {[%clk 0:24:39]} Bg1
{[%clk 0:11:32]} 40. Be8 {[%clk 0:24:50]} Bf2 {[%clk 0:11:45]} 41. Kb4
{[%clk 0:25:05]} Bc5+ {[%clk 0:12:02]} 42. Kc4 {[%clk 0:25:28]} Bf2
{[%clk 0:12:28]} 43. Kd3 {[%clk 0:24:57]} Bc5 {[%clk 0:12:41]} 1/2-1/2

[Event "EYCC 2024 - O14"]
[Site "?"]
[Date "2024.08.29"]
[Round "7.8"]
[White "Zakin, Ilay"]
[Black "Mahmudzade, Yunis"]
[Result "1-0"]
[BlackElo "1962"]
[WhiteElo "2235"]
[LiveChessVersion "1.4.8"]

1. e4 {[%clk 1:30:58]} d5 {[%clk 1:31:00]} 2. exd5 {[%clk 1:31:18]} Nf6
{[%clk 1:31:26]} 3. Nf3 {[%clk 1:30:55]} Nxd5 {[%clk 1:31:55]} 4. d4
{[%clk 1:31:17]} Bg4 {[%clk 1:32:18]} 5. c4 {[%clk 1:31:34]} Bxf3
{[%clk 1:32:47]} 6. Qxf3 {[%clk 1:26:31]} Nb4 {[%clk 1:33:15]} 7. Qc3
{[%clk 1:10:59]} N8c6 {[%clk 1:32:49]} 8. a3 {[%clk 1:10:22]} e5 {[%clk 1:33:18]}
9. d5 {[%clk 1:10:03]} Nd4 {[%clk 1:33:47]} 10. Bd3 {[%clk 1:10:08]} a5
{[%clk 1:34:12]} 11. Bd2 {[%clk 1:08:33]} Be7 {[%clk 1:30:25]} 12. axb4
{[%clk 0:47:34]} axb4 {[%clk 1:30:40]} 13. Rxa8 {[%clk 0:47:50]} bxc3
{[%clk 1:31:01]} 14. Rxd8+ {[%clk 0:48:14]} Kxd8 {[%clk 1:31:28]} 15. Nxc3
{[%clk 0:47:33]} f5 {[%clk 1:31:50]} 1-0